Využitie európskych rozvojových programov na rozvoj lokálnych ekonomík bakalárska práca

Gespeichert in:
Bibliographische Detailangaben
1. Verfasser: Kosťová, Ivana
Körperschaft: Podnikovohospodárska fakulta EU so sídlom v Košiciach. Katedra informačnej a jazykovej komunikácie
Weitere Verfasser: Tarča, Alexander
Format: Buch
Sprache:Slowakisch
Veröffentlicht: Košice 2016
Tags: Tag hinzufügen
Keine Tags, Fügen Sie das erste Tag hinzu!

MARC

LEADER 00000nbm a2200000 4500
001 0217777
005 20161219095744.4
041 0 |a slo 
044 |a SK 
245 1 0 |a Využitie európskych rozvojových programov na rozvoj lokálnych ekonomík  |b bakalárska práca  |c Ivana Kosťová ; školiteľ: Alexander Tarča 
264 1 |a Košice  |c 2016 
300 |a 52 s. 
100 1 |a Kosťová, Ivana 
700 1 |a Tarča, Alexander 
710 2 |a Podnikovohospodárska fakulta EU so sídlom v Košiciach. Katedra informačnej a jazykovej komunikácie